BAŞARI OKULU (Record no. 1214155)

MARC details
000 -LEADER
sabit uzunluktaki kontrol alanı 00233nam a2200097Ia 4500
001 - KONTROL NUMARASI
kontrol alanı 1214155
005 - EN SON İŞLEMİN TARİH VE ZAMANI
kontrol alanı 20250827024526.0
008 - SABİT-UZUNLUKTA VERİ ÖĞELERİ--GENEL BİLGİ
sabit uzunluktaki kontrol alanı 250824s9999 xx 000 0 und d
245 #0 - ESER / YAZAR
ESER ADI BAŞARI OKULU
Yazar Adı ÖZGÜR GEZ
260 ## - YAYIN, DAĞITIM, VB.
YAYIN EVİ ATLI KARINCA
Holdings
Düşüm durumu Kayıp durumu Hasar Durumu Ödünç verilmez Ana kütüphane Geçerli Kütüphane Edinilen tarih Toplam ödünç verme sayısı Barkod Son görüntüleme tarihi Fiyatın geçerli olmaya başladığı tarih Koha materyal türü
        BEYHEKİM İMAM HATİP ORTAOKULU BEYHEKİM İMAM HATİP ORTAOKULU 24.08.2025   10725411 27.08.2025 27.08.2025 Books